LIBRARY & INFORMATION CENTRE, KCAET, TAVANUR

ONLINE PUBLIC ACCESS CATALOGUE (OPAC)

Normal view MARC view
  • Chakraverty, Amalendu

Entry Personal Name

Number of records used in: 1

001 - CONTROL NUMBER

  • control field: 4920

003 - CONTROL NUMBER IDENTIFIER

  • control field: OSt

005 - DATE AND TIME OF LATEST TRANSACTION

  • control field: 20210806110450.0

008 - FIXED-LENGTH DATA ELEMENTS

  • fixed length control field: 210806|| aca||aabn | a|a d

040 ## - CATALOGING SOURCE

  • Original cataloging agency: OSt
  • Transcribing agency: OSt

100 ## - HEADING--PERSONAL NAME

  • Personal name: Chakraverty, Amalendu

670 ## - SOURCE DATA FOUND

  • Source citation: Work cat.: (OSt): Chakraverty, Amalendu, Post harvest technology of cereals pulses and oilseeds / , 2018
free website counter